00964nam a2200193Ia 4500952010800000999001700108008004100125020001800166050001800184100004400202245005300246260003400299300003700333504003200370505029600402519004500698650002000743942000700763 00104070a04b04d2008-07-11l21m5oKJA147 G66p04 001462r2019-07-09s2019-07-09t1w2012-06-24yLB c62103d62103120625s2007 mx r 001 0 spa d a9789706138545 4aKJA147 bG66 1 aGonzález Román, Héctore , autor 10aDerecho Romano c / Héctor González Román  aMéxicob : Oxford c , 2007 axvii, 317 páginas c ; 23 cm.  aBibliografía: pp. 307-3080 aIntroducción al derecho romano De las personas La familia Derechos reales La adquisición por sucesión Teoría de las obligaciones De los contratos Las otras clases de contratos Formas de extinción de las obligaciones y las obligaciones correales El derecho procesal romano  aMaterial Complementario / d(04 001462)  4aDERECHO ROMANO  cLB